ZEMCH: Toward the Delivery of Zero Energy Mass Custom Homes

In this book, leading international experts explore the emerging concept of the zero energy mass custom home (ZEMCH) – designed to meet the need for social, economic, and environmental sustainability – and provide all of the knowledge required for the delivery of zero energy mass customized housing...

Πλήρης περιγραφή

Λεπτομέρειες βιβλιογραφικής εγγραφής
Συγγραφή απο Οργανισμό/Αρχή: SpringerLink (Online service)
Άλλοι συγγραφείς: Noguchi, Masa (Επιμελητής έκδοσης)
Μορφή: Ηλεκτρονική πηγή Ηλ. βιβλίο
Γλώσσα:English
Έκδοση: Cham : Springer International Publishing : Imprint: Springer, 2016.
Σειρά:Springer Tracts in Civil Engineering,
Θέματα:
Διαθέσιμο Online:Full Text via HEAL-Link
LEADER 03436nam a22005295i 4500
001 978-3-319-31967-4
003 DE-He213
005 20160625071425.0
007 cr nn 008mamaa
008 160625s2016 gw | s |||| 0|eng d
020 |a 9783319319674  |9 978-3-319-31967-4 
024 7 |a 10.1007/978-3-319-31967-4  |2 doi 
040 |d GrThAP 
050 4 |a T58.8 
072 7 |a TH  |2 bicssc 
072 7 |a TEC031000  |2 bisacsh 
072 7 |a TEC009020  |2 bisacsh 
082 0 4 |a 658.26  |2 23 
245 1 0 |a ZEMCH: Toward the Delivery of Zero Energy Mass Custom Homes  |h [electronic resource] /  |c edited by Masa Noguchi. 
264 1 |a Cham :  |b Springer International Publishing :  |b Imprint: Springer,  |c 2016. 
300 |a X, 360 p. 170 illus.  |b online resource. 
336 |a text  |b txt  |2 rdacontent 
337 |a computer  |b c  |2 rdamedia 
338 |a online resource  |b cr  |2 rdacarrier 
347 |a text file  |b PDF  |2 rda 
490 1 |a Springer Tracts in Civil Engineering,  |x 2366-259X 
505 0 |a Sustainable development -- Mass housing -- Prefabrication -- Mass customisation -- Mass personalisation -- Inclusive design -- Energy use in housing -- Passive design -- Active systems -- Zero energy homes -- Building performance and simulation -- ZEMCH business operation in Japan. 
520 |a In this book, leading international experts explore the emerging concept of the zero energy mass custom home (ZEMCH) – designed to meet the need for social, economic, and environmental sustainability – and provide all of the knowledge required for the delivery of zero energy mass customized housing and community developments in developed and developing countries. The coverage is wide ranging, progressing from explanation of the meaning of sustainable development to discussion of challenges and trends in mass housing, the advantages and disadvantages of prefabricated methods of construction, and the concepts of mass customization, mass personalization, and inclusive design. A chapter on energy use will aid the reader in designing and retrofitting housing to reduce energy demand and/or improve energy end‐use efficiency. Passive design strategies and active technologies (especially solar) are thoroughly reviewed. Application of the ZEMCH construction criteria to new buildings and refurbishment of old houses is explained and the methods and value of building performance simulation, analyzed. The concluding chapter presents examples of ZEMCH projects from around the world, with discussion of marketing strategy, design, quality assurance, and delivery challenges. The book will be invaluable as a training/teaching tool for both students and industry partners. 
650 0 |a Energy. 
650 0 |a Energy efficiency. 
650 0 |a Buildings  |x Design and construction. 
650 0 |a Building. 
650 0 |a Construction. 
650 0 |a Engineering, Architectural. 
650 0 |a Sustainable development. 
650 1 4 |a Energy. 
650 2 4 |a Energy Efficiency (incl. Buildings). 
650 2 4 |a Building Construction. 
650 2 4 |a Sustainable Development. 
700 1 |a Noguchi, Masa.  |e editor. 
710 2 |a SpringerLink (Online service) 
773 0 |t Springer eBooks 
776 0 8 |i Printed edition:  |z 9783319319650 
830 0 |a Springer Tracts in Civil Engineering,  |x 2366-259X 
856 4 0 |u http://dx.doi.org/10.1007/978-3-319-31967-4  |z Full Text via HEAL-Link 
912 |a ZDB-2-ENG 
950 |a Engineering (Springer-11647)